00718 2200253 4500001002100000005001700021008004100038020002200079035002500101040001200126082001100138084002100149090002100170100001800191245007400209250001100283260003600294300003200330500003100362650002500393700001300418850001200431990002100443INLIS00000000000192720150226085326.0  a978-602-7874-42-8 a0010-021500000000204 aYOPDYOG a370.19 aDEP 370.19 Sil S aDEP 370.19 Sil S aSILFIA HANANI aSosiologi pendidikan keindonesiaanc/ Silfia Hanani ; editor, Rose KR aCet. 1 aYogyakartabAr-ruzz Mediac2013 a214 hlm.b: ilus,c; 21 cm. aBibliografi : hlm. 203-209 aSosiologi Pendidikan aRose KR. aYOPDYOG aCB-D.112013-1175